| 000 | 00477 a2200181 4500 | ||
|---|---|---|---|
| 020 | _a0-451-19114-5 (hft.) ; | ||
| 020 | _a9780451191144 | ||
| 040 |
_aDLC _bDLC |
||
| 082 | 0 | 4 | _a813.54 |
| 100 | _aAyn Rand | ||
| 245 | 1 | 0 |
_aAtlas shrugged _cAyn Rand |
| 260 |
_aNew York : _bSignet Books, _c1996 |
||
| 300 |
_a1078 s. ; _c18 cm |
||
| 500 | _aOriginally published in 1957 | ||
| 650 | 0 |
_aIndividuality _xFiction. |
|
| 650 | 0 |
_aIndividuality _xFiction |
|
| 942 |
_cBK _k813.54 RAN _2ddc |
||
| 999 |
_c10733 _d10733 |
||